000 01510nam a2200361 c 4500
003 BLK
005 20241028120203.0
008 180411b bul|||||r ||||||| ||bul||
010 _aKNG00185593000
020 _a978-619-195-031-7
_bиздат.: Книгомания
040 _aBLK
041 _aBUL
_cBUL
072 7 _2bullib
_aН15
_xПсихология Н
080 _a
_b159.953/.955
_x(02.062)
_z159.953/.955(02.062)
100 1 _aПауъл, Майкъл
_eпърви автор
_9340843
700 1 _aИлиев, Илия
_eпрев.
_gКожухаров, Илия Илиев
_9363839
139 _aПауъл, Майкъл
_bП 29
245 1 0 _aСилата на паметта
_bУпражнения и съвети за силна и услужлива памет
_cМайкъл Пауъл; прев. Илия Илиев.
257 _aGBR
260 София
_bКнигомания
_c2015
_fотпеч. в Китай
300 _a144 с.
_bс цв. ил.
_c21 см
380 _a1
500 _aБез сведение за ориг. загл. - Авт. не е отбелязан на кор. - Библиогр. с. 140-141.
650 4 _aПамет - усъвършенстване
_9254538
653 _aпамет
659 _aН
852 _aЦб 278670
856 4 _qpdf
_u
856 4 _qpdf
_u
942 _cKNG
_n0
_021
944 _aCR
_c15.12.2015
_lЦветелина Шанова
_k30531
944 _aED
_c18.11.2016
_lф /
_kПенка_Димитрова
999 _c176959
_d176959